Resistencia de materiales : tensiones simples y compuestas, aplicaciones tecnológicas

Bibliographic Details
Main Author: Larburu, Nicolás
Format: Section = Libro
Language:Undetermined
Spanish
Published: Madrid, España Paraninfo 1970
Subjects:
LEADER 00522nam a2200169Ia 4500
008 240829s9999 xx 000 0 und d
040 |a BIBLIOTECA-RUPAP 620.112 L318 
041 |a spa 
082 |a 620.112 L318 
100 1 |a Larburu, Nicolás 
245 1 0 |a Resistencia de materiales : tensiones simples y compuestas, aplicaciones tecnológicas 
260 |a Madrid, España  |b Paraninfo  |c 1970 
300 |a 291 p. :il. 
650 7 |a CIENCIA DE LOS MATERIALES EN GENERAL. I. Tít. 
942 |c BK  |2 ddc 
991 |a TEXTO 
999 |c 8841